[Event "OLNO 1819 TSG Oberschöneweide - SV Empo"]
[Site "?"]
[Date "2019.03.24"]
[Round "8.3"]
[White "Urban, Julian"]
[Black "Horn, Sven"]
[Result "1/2-1/2"]
[WhiteElo "2238"]
[BlackElo "2088"]
[PlyCount "52"]
[EventDate "2019.??.??"]

1. Nf3 Nf6 2. g3 d5 3. Bg2 c5 4. O-O Nc6 5. d3 e5 6. Na3 Bd6 7. e4 d4 8. Nd2
O-O 9. f4 exf4 10. gxf4 Bc7 11. h3 Ne7 12. Nb5 Bb8 13. e5 Nfd5 14. Nc4 Be6 15.
Nbd6 b5 16. Nxb5 Nf5 17. Nbd6 Bxd6 18. Nxd6 Nxd6 19. exd6 f5 20. Qf3 Qxd6 21.
Bd2 Rab8 22. b3 Rf6 23. Rae1 Nb4 24. Bxb4 cxb4 25. Re5 Rc8 26. Rfe1 h6 1/2-1/2

[Event "OLNO 1819 TSG Oberschöneweide - SV Empo"]
[Site "?"]
[Date "2019.03.24"]
[Round "8.4"]
[White "Postler, Reinhard"]
[Black "Meissner, Hans-Juergen"]
[Result "1/2-1/2"]
[WhiteElo "2248"]
[BlackElo "2220"]
[PlyCount "103"]
[EventDate "2019.??.??"]

1. e4 d6 2. d4 Nf6 3. Nc3 g6 4. Nf3 Bg7 5. Be2 O-O 6. O-O Bg4 7. h3 Bxf3 8.
Bxf3 Nc6 9. Be3 e5 10. dxe5 dxe5 11. Ne2 Qe7 12. c3 h5 13. Qb3 b6 14. Rad1 Nd8
15. Nc1 c6 16. Qa4 Qc7 17. Nd3 Re8 18. Rd2 Ne6 19. Rfd1 a5 20. Qb3 Rab8 21. a4
Kh7 22. Qc4 Bh6 23. Bxh6 Kxh6 24. h4 Kg7 25. g3 Red8 26. Bg2 Nh7 27. Bh3 Nhf8
28. b4 Ra8 29. Qb3 axb4 30. Qxb4 Rd6 31. Bxe6 Nxe6 32. Nf4 Rxd2 33. Nxe6+ fxe6
34. Rxd2 Rd8 35. Rb2 Ra8 36. Qxb6 Qxb6 37. Rxb6 Rxa4 38. Rxc6 Rxe4 39. Kf1 Kf6
40. c4 Rg4 41. c5 Rc4 42. Rc8 e4 43. c6 Ke5 44. c7 Kd6 45. Rg8 Rxc7 46. Rxg6
Rc5 47. Ke2 Rf5 48. Rg8 Ke5 49. Ra8 Kd4 50. Ra6 Ke5 51. Ra4 Kd5 52. Ra5+
1/2-1/2

[Event "OLNO 1819 TSG Oberschöneweide - SV Empo"]
[Site "?"]
[Date "2019.03.24"]
[Round "8.5"]
[White "Schabe, Felix"]
[Black "Boewer, Roland"]
[Result "1/2-1/2"]
[WhiteElo "1962"]
[BlackElo "2175"]
[PlyCount "129"]
[EventDate "2019.??.??"]

1. Nf3 Nf6 2. g3 d6 3. d4 Nbd7 4. Bg2 e5 5. O-O Be7 6. dxe5 dxe5 7. b3 Bc5 8.
e3 O-O 9. Bb2 Qe7 10. Nbd2 Ba3 11. Qc1 Bxb2 12. Qxb2 Ne8 13. a4 e4 14. Nd4 f5
15. a5 a6 16. b4 Ne5 17. Qb3+ Kh8 18. Rfd1 Nd6 19. Qc3 Be6 20. Bf1 Bg8 21. Be2
Rf6 22. Ra3 Raf8 23. Qc5 Rh6 24. b5 Ng4 25. Nf1 axb5 26. Nxb5 Rf7 27. Nxd6 cxd6
28. Qb5 Ne5 29. Rc3 Rf8 30. Rb1 Ra8 31. Qxb7 Qxb7 32. Rxb7 Rxa5 33. Rc8 g5 34.
Nd2 Rc5 35. Re8 Rxc2 36. Rbb8 Rg6 37. Bh5 Rg7 38. Nb3 Nd7 39. Rbc8 Rxc8 40.
Rxc8 Nf6 41. Be2 Re7 42. Nd4 Re5 43. Rc6 Ne8 44. Rc8 Bf7 45. Bb5 Kg7 46. Bd7
Nf6 47. Bxf5 Rc5 48. Rxc5 dxc5 49. Ne6+ Bxe6 50. Bxe6 Ne8 51. Kf1 Kf6 52. Bd7
Nd6 53. Ke2 Ke5 54. Kd2 Kd5 55. Kc3 Nf7 56. Bf5 h6 57. Bc8 Nd6 58. Bd7 Nf7 59.
Bc8 Nd6 60. Ba6 Kc6 61. Be2 Nf7 62. Bg4 Ne5 63. Bc8 Nf3 64. h3 Ne5 65. Bf5 {(=)
} 1/2-1/2

[Event "OLNO 1819 TSG Oberschöneweide - SV Empo"]
[Site "?"]
[Date "2019.03.24"]
[Round "8.6"]
[White "Wiedersich, Jens"]
[Black "Sulayev, Daniel"]
[Result "0-1"]
[WhiteElo "2102"]
[BlackElo "2134"]
[PlyCount "102"]
[EventDate "2019.??.??"]

1. d4 c5 2. d5 g6 3. Nf3 Nf6 4. g3 Bg7 5. Bg2 d6 6. O-O b5 7. a4 b4 8. Re1 O-O
9. e4 Nbd7 10. a5 Rb8 11. Nbd2 Ba6 12. h3 Qc7 13. Nb3 e5 14. Nbd2 c4 15. Bf1
Nc5 16. Bxc4 Bxc4 17. Nxc4 Ncxe4 18. Ne3 Rb5 19. Qd3 a6 20. Nd2 Nc5 21. Qc4 Rc8
22. Nb3 Qd7 23. Kh2 Qb7 24. Rd1 Nfe4 25. Nxc5 Nxc5 26. Qe2 Qc7 27. Bd2 Ne4 28.
Be1 f5 29. f3 Nxg3 30. Bxg3 f4 31. Be1 fxe3 32. c3 Bh6 33. Ra4 Bf4+ 34. Kg2
bxc3 35. Bxc3 Qb7 36. Ra2 Rxd5 37. Rxd5 Qxd5 38. Ra4 Qa8 39. Qd3 d5 40. Rxf4
exf4 41. Qd4 Rxc3 42. bxc3 Qb7 43. Qb6 Qc8 44. Qf6 Qf5 45. Qd8+ Kg7 46. Qe7+
Qf7 47. Qe5+ Qf6 48. Qxd5 Qxc3 49. Qd7+ Kh6 50. Qe7 Qd2+ 51. Kg1 Qe1+ 0-1

[Event "OLNO 1819 TSG Oberschöneweide - SV Empo"]
[Site "?"]
[Date "2019.03.24"]
[Round "8.7"]
[White "Welz, Peter"]
[Black "Jauk, Wilhelm"]
[Result "0-1"]
[WhiteElo "2017"]
[BlackElo "2163"]
[PlyCount "76"]
[EventDate "2019.??.??"]

1. e4 e5 2. Nf3 Nf6 3. Nc3 Bb4 4. a3 Bxc3 5. dxc3 d6 6. Bd3 h6 7. h3 Be6 8. Be3
Nbd7 9. Qe2 a6 10. g4 g5 11. Nd2 Nf8 12. O-O-O Ng6 13. Bc4 Qe7 14. f3 Nd7 15.
Nf1 Nf4 16. Bxf4 gxf4 17. h4 h5 18. g5 f6 19. Nd2 fxg5 20. hxg5 Bxc4 21. Qxc4
O-O-O 22. b4 Qxg5 23. Rdg1 Qe7 24. b5 axb5 25. Qxb5 Nc5 26. Nb3 Nxb3+ 27. cxb3
Qf7 28. a4 Rdg8 29. a5 Rg3 30. a6 bxa6 31. Qxa6+ Kd7 32. Qb5+ Ke7 33. Kc2 Rhg8
34. Ra1 Rxf3 35. Ra7 Rg2+ 36. Kd1 Rxc3 37. Qb4 Rcc2 38. Rg1 Qg6 0-1

[Event "OLNO 1819 TSG Oberschöneweide - SV Empo"]
[Site "?"]
[Date "2019.03.24"]
[Round "8.8"]
[White "Syre, Christian"]
[Black "Jahn, Thomas"]
[Result "0-1"]
[WhiteElo "2221"]
[BlackElo "2189"]
[PlyCount "114"]
[EventDate "2019.??.??"]

1. d4 Nf6 2. c4 g6 3. Nc3 Bg7 4. e4 d6 5. f3 O-O 6. Be3 a6 7. Bd3 c5 8. Nge2
Nc6 9. d5 Ne5 10. a4 e6 11. O-O exd5 12. cxd5 Nh5 13. Qd2 Nxd3 14. Qxd3 f5 15.
Qd2 Qf6 16. Bg5 Qf7 17. exf5 gxf5 18. Kh1 Qg6 19. f4 Bd7 20. Qd3 Nf6 21. Bxf6
Qxf6 22. Rab1 Rac8 23. b3 Rfe8 24. Rfc1 Re7 25. Ng1 Rce8 26. Nce2 b5 27. Ng3
Re3 28. Qf1 Qh4 29. Nh3 Qe7 30. Ng5 Bh6 31. Nh3 Qf7 32. Qd1 Qg6 33. Qf1 Bg7 34.
Ng5 Bf6 35. Nf3 h5 36. Re1 h4 37. Rxe3 Rxe3 38. Ne2 Qe8 39. Neg1 Qe4 40. Nh3
Qxd5 41. Rd1 Qc6 42. Rd3 Rxd3 43. Qxd3 c4 44. axb5 axb5 45. bxc4 bxc4 46. Qb1
c3 47. Qa2+ Kg7 48. Nhg5 d5 49. Qc2 Qa4 50. Qc1 c2 51. Ne1 Qc4 52. Nxc2 Ba4 53.
Qb1 Bxg5 54. Ne3 Qxf4 55. Qb7+ Kg6 56. Qa6+ Bf6 57. Qe6 Qe4 0-1

[Event "OLNO 1819 SV Empor Berlin - SC Kreuzber"]
[Site "?"]
[Date "2019.04.07"]
[Round "9.1"]
[White "Glantz, Robert"]
[Black "Thinius, Marco"]
[Result "0-1"]
[WhiteElo "2303"]
[BlackElo "2406"]
[PlyCount "72"]
[EventDate "2019.??.??"]

1. e4 c6 2. d3 d5 3. Qe2 dxe4 4. dxe4 e5 5. Nf3 Nf6 6. Nbd2 Bd6 7. g3 O-O 8.
Bg2 Nbd7 9. O-O Re8 10. Nc4 Bc7 11. a4 Nc5 12. Rd1 Qe7 13. Nh4 Bg4 14. f3 Be6
15. b3 Rad8 16. Ba3 Nfd7 17. Ne3 g6 18. Nhf5 gxf5 19. exf5 Qg5 20. fxe6 Nxe6
21. Nc4 Nd4 22. Qf2 Nb6 23. Ne3 Qg6 24. Rd3 Nd5 25. Nxd5 Rxd5 26. Kh1 Bb6 27.
Qf1 Nxc2 28. Rxd5 cxd5 29. Ra2 Ne3 30. Qc1 Qf5 31. Re2 Rc8 32. Qe1 Qd3 33. Bb2
Rc2 34. Rxc2 Qxc2 35. Bh3 Qxb2 36. a5 Bd4 0-1

[Event "OLNO 1819 SV Empor Berlin - SC Kreuzber"]
[Site "?"]
[Date "2019.04.07"]
[Round "9.2"]
[White "Foerster, Jonas"]
[Black "Lerch, Philipp"]
[Result "1/2-1/2"]
[WhiteElo "2273"]
[BlackElo "2319"]
[PlyCount "81"]
[EventDate "2019.??.??"]

1. d4 g6 2. e4 Bg7 3. Nc3 d6 4. Be3 e6 5. Qd2 h6 6. f4 Ne7 7. O-O-O b6 8. Nf3
d5 9. e5 Ba6 10. g4 Bxf1 11. Rdxf1 Nd7 12. Ne2 c5 13. c3 Qc7 14. Kb1 f5 15.
exf6 Nxf6 16. Ne5 Ne4 17. Qd3 Bxe5 18. fxe5 c4 19. Qc2 h5 20. Ng3 Nxg3 21. hxg3
O-O-O 22. Bg5 hxg4 23. Bxe7 Qxe7 24. Qxg6 Rhg8 25. Qf7 Rg7 26. Qxe7 Rxe7 27.
Kc2 Kd7 28. Kd2 b5 29. Rh6 a5 30. Ke3 b4 31. Rg6 bxc3 32. bxc3 Rb8 33. Rxg4 Rb2
34. Rf2 Rb1 35. Rg8 Re1+ 36. Kd2 Ra1 37. Ke3 Re1+ 38. Kd2 Ra1 39. Ra8 Rxa2+ 40.
Ke3 Ra3 41. Ra7+ 1/2-1/2

[Event "OLNO 1819 SV Empor Berlin - SC Kreuzber"]
[Site "?"]
[Date "2019.04.07"]
[Round "9.3"]
[White "Moritz, Aron"]
[Black "Urban, Julian"]
[Result "1/2-1/2"]
[WhiteElo "2209"]
[BlackElo "2236"]
[PlyCount "62"]
[EventDate "2019.??.??"]

1. e4 b6 2. d4 Bb7 3. Bd3 Nf6 4. Qe2 e6 5. Nf3 d5 6. exd5 Qxd5 7. O-O Qh5 8.
Nbd2 Bd6 9. h3 Nbd7 10. Ne4 O-O 11. Ng3 Bxf3 12. Nxh5 Bxe2 13. Nxf6+ Nxf6 14.
Bxe2 c5 15. dxc5 Bxc5 16. Bf4 Rfd8 17. Bf3 Nd5 18. Bg3 b5 19. a4 b4 20. c4 bxc3
21. bxc3 Rac8 22. Rfc1 Bd6 23. c4 Nf4 24. Bxf4 Bxf4 25. Rc2 Rd2 26. Rxd2 Bxd2
27. Rd1 Bb4 28. Rd7 Rxc4 29. Rxa7 g5 30. Rd7 Bc5 31. Bd1 Rd4 1/2-1/2

[Event "OLNO 1819 SV Empor Berlin - SC Kreuzber"]
[Site "?"]
[Date "2019.04.07"]
[Round "9.4"]
[White "Meissner, Hans-Juergen"]
[Black "Lehmann, Klaus"]
[Result "1/2-1/2"]
[WhiteElo "2221"]
[BlackElo "2250"]
[PlyCount "90"]
[EventDate "2019.??.??"]

1. d4 Nf6 2. Nf3 e6 3. c4 Bb4+ 4. Bd2 Bxd2+ 5. Qxd2 Qe7 6. g3 d5 7. Bg2 O-O 8.
O-O dxc4 9. Na3 c5 10. dxc5 Rd8 11. Qc1 Qxc5 12. Qxc4 Qa5 13. Rfd1 Nc6 14. Qb5
Rxd1+ 15. Rxd1 Qxb5 16. Nxb5 Kf8 17. Nfd4 Bd7 18. Nxc6 Bxc6 19. Bxc6 bxc6 20.
Nc3 Ke7 21. Rd4 Nd5 22. Rc4 Nxc3 23. Rxc3 Kd6 24. Ra3 Kc7 25. Kf1 Kb6 26. Rd3
Kc7 27. Ke1 f5 28. Kd2 g5 29. Kc3 Rb8 30. Rd4 Rb5 31. Ra4 a5 32. Rd4 Re5 33. e3
Rb5 34. b3 Rc5+ 35. Kb2 Rd5 36. Kc3 c5 37. Rd3 g4 38. Kc4 Kc6 39. a3 Rxd3 40.
Kxd3 Kd5 41. Kc3 Kd6 42. Kd3 Kd5 43. Kc3 Kd6 44. Kd3 Kd5 45. Kc3 Kd6 1/2-1/2

[Event "OLNO 1819 SV Empor Berlin - SC Kreuzber"]
[Site "?"]
[Date "2019.04.07"]
[Round "9.5"]
[White "Glienke, Manfred"]
[Black "Nitsche-Hahn, Raphael"]
[Result "0-1"]
[WhiteElo "2239"]
[BlackElo "2070"]
[PlyCount "82"]
[EventDate "2019.??.??"]

1. Nf3 Nf6 2. c4 g6 3. Nc3 Bg7 4. g3 O-O 5. Bg2 d6 6. O-O e5 7. Rb1 a5 8. d3
Nc6 9. a3 Nd4 10. Nxd4 exd4 11. Nb5 Ne8 12. e3 dxe3 13. Bxe3 c6 14. Nc3 Nc7 15.
Qd2 Bf5 16. Rbd1 Be6 17. Bh6 d5 18. Bxg7 Kxg7 19. c5 Qf6 20. d4 Rfe8 21. h3 h5
22. Rfe1 Bf5 23. f4 Rxe1+ 24. Rxe1 Ne6 25. Re5 Nf8 26. Kh2 Nd7 27. Re1 b6 28.
b4 axb4 29. axb4 b5 30. Nd1 Nf8 31. Nf2 Ne6 32. Re5 Bb1 33. h4 Ra2 34. Qe3 Kh7
35. Bh3 Ng7 36. Kg1 Bf5 37. Bg2 Be6 38. Bf1 Qd8 39. Bd3 Qd7 40. Kg2 f6 41. f5
fxe5 0-1

[Event "OLNO 1819 SV Empor Berlin - SC Kreuzber"]
[Site "?"]
[Date "2019.04.07"]
[Round "9.6"]
[White "Schabe, Felix"]
[Black "Holzapfel, Daniel"]
[Result "1-0"]
[WhiteElo "1967"]
[BlackElo "2248"]
[PlyCount "82"]
[EventDate "2019.??.??"]

1. Nf3 Nf6 2. g3 d5 3. Bg2 g6 4. O-O Bg7 5. c4 c6 6. d4 O-O 7. Nc3 dxc4 8. a4
Na6 9. a5 Be6 10. Ng5 Qd7 11. Qa4 Rfc8 12. e4 Nc7 13. Bf4 b5 14. axb6 axb6 15.
Qb4 c5 16. dxc5 bxc5 17. Qxc5 Rxa1 18. Rxa1 Ncd5 19. Qa5 Nxf4 20. gxf4 Bg4 21.
h3 Bh5 22. e5 Ne8 23. Qa7 Rc7 24. Qa8 Rc8 25. Qd5 Qxd5 26. Nxd5 Bf8 27. Ra7 h6
28. Ne4 e6 29. Nb6 Rb8 30. Nd7 Rd8 31. Ndf6+ Nxf6 32. Nxf6+ Kg7 33. Bc6 Bc5 34.
Rc7 Rd1+ 35. Kg2 Rd2 36. Ne4 Rxb2 37. Nxc5 c3 38. Nxe6+ Kg8 39. Rc8+ Kh7 40.
Nf8+ Kg7 41. Nd7 c2 1-0

[Event "OLNO 1819 SV Empor Berlin - SC Kreuzber"]
[Site "?"]
[Date "2019.04.07"]
[Round "9.7"]
[White "Dyballa, Markus"]
[Black "Silz, Elisa"]
[Result "1-0"]
[WhiteElo "2199"]
[BlackElo "2020"]
[PlyCount "115"]
[EventDate "2019.??.??"]

1. e4 c5 2. b3 d6 3. Bb2 Nf6 4. d3 Nc6 5. f4 e6 6. g3 b5 7. a4 b4 8. Bg2 Bb7 9.
Nd2 Be7 10. Ngf3 O-O 11. O-O Ng4 12. Qe2 Bf6 13. e5 dxe5 14. fxe5 Be7 15. Nc4
Nh6 16. Qf2 Rb8 17. Rae1 Nf5 18. Nfd2 Na5 19. Nxa5 Qxa5 20. Be4 Nd4 21. Bxd4
cxd4 22. Nc4 Qd8 23. Bxb7 Rxb7 24. Re4 Rd7 25. Qf3 Rd5 26. h4 f5 27. exf6 Rxf6
28. Qe2 Rg6 29. Rg4 Qe8 30. Kh2 h5 31. Rxg6 Qxg6 32. Re1 Rf5 33. Qxe6+ Qxe6 34.
Rxe6 Kf7 35. Re2 Kf6 36. Kg2 g5 37. hxg5+ Rxg5 38. Nd2 Re5 39. Rxe5 Kxe5 40.
Nf3+ Kd5 41. Kh3 Bf6 42. g4 hxg4+ 43. Kxg4 Bg7 44. Kf5 Bf8 45. Nh4 Bh6 46. Ng6
Be3 47. Ne7+ Kc5 48. Ke5 Bg1 49. Ke4 Be3 50. Ng6 Kd6 51. Ne5 Kc5 52. Nf3 Bf2
53. Ke5 Be3 54. Nh4 Bg1 55. Ng6 Bh2+ 56. Nf4 Kc6 57. Ke4 Kd6 58. Ne2 1-0

[Event "OLNO 1819 SV Empor Berlin - SC Kreuzber"]
[Site "?"]
[Date "2019.04.07"]
[Round "9.8"]
[White "Jahn, Thomas"]
[Black "Dathe, Frederick"]
[Result "0-1"]
[WhiteElo "2200"]
[BlackElo "2075"]
[PlyCount "91"]
[EventDate "2019.??.??"]

1. e4 d5 2. exd5 Qxd5 3. Nf3 Bg4 4. Be2 Nc6 5. d4 O-O-O 6. c4 Qd7 7. d5 Bxf3 8.
Bxf3 Ne5 9. Be2 e6 10. O-O Nf6 11. Qd4 Nc6 12. Qh4 exd5 13. Bg5 d4 14. Bxf6
gxf6 15. Qxf6 Bd6 16. Bd3 Be5 17. Qf3 Qd6 18. g3 h5 19. Nd2 h4 20. Ne4 Qh6 21.
g4 Bf4 22. Nc5 Qd6 23. h3 Qxc5 24. Qxf4 Ne5 25. Bf5+ Kb8 26. b4 Qd6 27. c5 Qf6
28. a4 d3 29. a5 Rd4 30. Qe3 Nc4 31. Qe1 Rg8 32. Kh2 Qg5 33. f4 Rxf4 34. Bxd3
Rxf1 35. Bxf1 Qf4+ 36. Kh1 Ne3 37. Ra2 Qxf1+ 38. Qxf1 Nxf1 39. Rf2 Ng3+ 40. Kg2
f5 41. Rf4 a6 42. gxf5 Nxf5+ 43. Kf3 Rg3+ 44. Ke4 Ne7 45. Rxh4 Rb3 46. Ke5 0-1

[Event "OLNO 1819 SC Weisse Dame - TSG OberschÃ"]
[Site "?"]
[Date "2019.04.07"]
[Round "9.1"]
[White "Rosenthal, Dirk"]
[Black "Moeller, Hendrik"]
[Result "0-1"]
[WhiteElo "2396"]
[BlackElo "2297"]
[PlyCount "68"]
[EventDate "2019.??.??"]

1. d4 d5 2. c4 e6 3. Nc3 c5 4. cxd5 exd5 5. Nf3 Nc6 6. dxc5 d4 7. Na4 Bxc5 8.
Nxc5 Qa5+ 9. Qd2 Qxc5 10. a3 Bg4 11. b4 Qd5 12. Bb2 Bxf3 13. gxf3 Nge7 14. Rg1
O-O 15. Rg5 Qb3 16. b5 f6 17. Rc5 Ne5 18. Qxd4 b6 19. Rc7 Nd5 20. Rc3 Nxc3 21.
Qxc3 Qxb5 22. Bh3 Rfe8 23. Kf1 Nxf3 24. Qxf3 Qxb2 25. Rd1 Rad8 26. Bd7 Kh8 27.
Rd3 Qc1+ 28. Kg2 Qg5+ 29. Kh3 Qh6+ 30. Kg2 Qg5+ 31. Kh3 Re5 32. Qb7 f5 33. Rd4
Qe7 34. e3 Rxe3+ 0-1

[Event "OLNO 1819 SC Weisse Dame - TSG OberschÃ"]
[Site "?"]
[Date "2019.04.07"]
[Round "9.2"]
[White "Waldmann, Hans-Joachim"]
[Black "Schoewel, Matthias"]
[Result "1-0"]
[WhiteElo "2271"]
[BlackElo "2227"]
[PlyCount "69"]
[EventDate "2019.??.??"]

1. d4 d5 2. c4 e6 3. Nc3 Nf6 4. Bg5 Be7 5. e3 c6 6. Nf3 O-O 7. Qc2 Nbd7 8. Rd1
Re8 9. h3 b6 10. Bd3 Bb7 11. O-O Rc8 12. e4 dxe4 13. Nxe4 Nxe4 14. Bxe7 Qxe7
15. Bxe4 Nf6 16. Rfe1 Nxe4 17. Qxe4 c5 18. d5 Qf6 19. b3 g6 20. Ne5 Qg7 21. Qf4
exd5 22. cxd5 f6 23. Ng4 f5 24. Nh6+ Kh8 25. d6 Qd7 26. g4 Rcd8 27. Qg5 Rf8 28.
Qe7 fxg4 29. hxg4 Bf3 30. Rd3 Bxg4 31. Qe5+ Qg7 32. Nxg4 h5 33. Qxg7+ Kxg7 34.
Re7+ Kg8 35. Nh6+ 1-0

[Event "OLNO 1819 SC Weisse Dame - TSG OberschÃ"]
[Site "?"]
[Date "2019.04.07"]
[Round "9.3"]
[White "Horn, Sven"]
[Black "Abraham, Ingo"]
[Result "0-1"]
[WhiteElo "2092"]
[BlackElo "2196"]
[PlyCount "70"]
[EventDate "2019.??.??"]

1. e4 c5 2. Nf3 d6 3. d4 cxd4 4. Nxd4 Nf6 5. Nc3 Nc6 6. Be2 e5 7. Nb3 Be7 8.
O-O O-O 9. Be3 a5 10. Nd2 Be6 11. f3 Nd4 12. Bd3 a4 13. Ne2 Nc6 14. c4 Nb4 15.
Bb1 a3 16. Qb3 Qa5 17. Nc3 axb2 18. Qxb2 Qa3 19. Qc1 Rfc8 20. c5 dxc5 21. Bf2
Rd8 22. Be3 h6 23. Re1 b6 24. Nf1 Nd3 25. Qxa3 Rxa3 26. Nb5 Ra5 27. Rd1 Rxb5
28. Bxd3 Rb2 29. a4 c4 30. Bc1 Bc5+ 31. Kh1 Rf2 32. Be3 Bxe3 33. Nxe3 Rxd3 34.
Kg1 Rb2 35. Rac1 Rxe3 0-1

[Event "OLNO 1819 SC Weisse Dame - TSG OberschÃ"]
[Site "?"]
[Date "2019.04.07"]
[Round "9.4"]
[White "Uhl, Heinz"]
[Black "Postler, Reinhard"]
[Result "0-1"]
[WhiteElo "2151"]
[BlackElo "2247"]
[PlyCount "62"]
[EventDate "2019.??.??"]

1. c4 c6 2. Nf3 d5 3. cxd5 cxd5 4. d4 Nf6 5. Nc3 Nc6 6. Bf4 Bf5 7. Ne5 e6 8.
Rc1 Bd6 9. Qb3 O-O 10. Qxb7 Nxd4 11. e3 Nh5 12. exd4 Nxf4 13. Qd7 Qb6 14. Qb5
Qxd4 15. Nc6 Qf6 16. g3 d4 17. gxf4 dxc3 18. Rxc3 Be4 19. Rg1 Bxf4 20. Rg4 Bxc6
21. Rxc6 Rab8 22. Qc5 Rxb2 23. Bd3 g6 24. h4 Rxa2 25. Kf1 Rd8 26. Qc4 Ra1+ 27.
Kg2 Be5 28. h5 Bd4 29. Qc2 Bxf2 30. hxg6 Rg1+ 31. Kh2 Qe5+ 0-1

[Event "OLNO 1819 SC Weisse Dame - TSG OberschÃ"]
[Site "?"]
[Date "2019.04.07"]
[Round "9.5"]
[White "Boewer, Roland"]
[Black "Venske, Kai-Gerrit"]
[Result "0-1"]
[WhiteElo "2170"]
[BlackElo "2165"]
[PlyCount "106"]
[EventDate "2019.??.??"]

1. Nf3 f5 2. c4 Nf6 3. Nc3 d6 4. d3 g6 5. e3 Bg7 6. Be2 O-O 7. O-O e5 8. Rb1 a5
9. a3 Nc6 10. Bd2 h6 11. b4 axb4 12. axb4 g5 13. Qb3 g4 14. Ne1 Ne7 15. Nc2 Ng6
16. Ra1 Rxa1 17. Rxa1 f4 18. Bf1 g3 19. fxg3 Ng4 20. h3 fxg3 21. Be2 Nf2 22.
Be1 Qh4 23. Bxf2 Rxf2 24. Bd1 e4 25. Ra8 Rf8 26. Nxe4 Kh7 27. Ne1 Qe7 28. Be2
Nh4 29. Qd1 Nf5 30. Nc2 c6 31. Bg4 Nxe3 32. Nxe3 Bxg4 33. Qa4 Bc8 34. Rxc8 Rxc8
35. Nf5 Qe5 36. Nexg3 Rf8 37. Qa7 Rxf5 38. Nxf5 Qxf5 39. Qxb7 Qxd3 40. b5 Qd1+
41. Kf2 Qd4+ 42. Kf3 Qd3+ 43. Kf2 cxb5 44. cxb5 Kg6 45. Qc6 Bd4+ 46. Ke1 Qc3+
47. Ke2 Qxc6 48. bxc6 Bb6 49. Kf3 Kf6 50. g4 Ke5 51. h4 Kd5 52. g5 hxg5 53.
hxg5 Kxc6 0-1

[Event "OLNO 1819 SC Weisse Dame - TSG OberschÃ"]
[Site "?"]
[Date "2019.04.07"]
[Round "9.6"]
[White "Mahn, Franko"]
[Black "Wiedersich, Jens"]
[Result "1/2-1/2"]
[WhiteElo "2159"]
[BlackElo "2093"]
[PlyCount "81"]
[EventDate "2019.??.??"]

1. c4 Nf6 2. g3 d5 3. cxd5 Nxd5 4. Bg2 g6 5. Nc3 Nxc3 6. bxc3 Bg7 7. Nf3 O-O 8.
O-O Nd7 9. d4 c6 10. e4 e5 11. Bg5 Qc7 12. Re1 h6 13. Be3 exd4 14. cxd4 Nf6 15.
Bf4 Qa5 16. Qc2 Qh5 17. Rab1 Rd8 18. Qc3 g5 19. Be5 Qg6 20. Nd2 Nd7 21. Bxg7
Qxg7 22. Nb3 Nf8 23. a4 Be6 24. Red1 Bxb3 25. Qxb3 Ne6 26. d5 cxd5 27. exd5 Nc5
28. Qb5 b6 29. a5 Rd6 30. Re1 Qf6 31. Ra1 Rc8 32. axb6 axb6 33. Ra7 Rf8 34. Qc4
Qf5 35. Re3 Rf6 36. Rf3 Qb1+ 37. Qf1 Qxf1+ 38. Kxf1 Kg7 39. Re3 Rd8 40. Ke2 Rb8
41. Ree7 1/2-1/2

[Event "OLNO 1819 SC Weisse Dame - TSG OberschÃ"]
[Site "?"]
[Date "2019.04.07"]
[Round "9.7"]
[White "Jauk, Wilhelm"]
[Black "Kysucan, Alexander"]
[Result "0-1"]
[WhiteElo "2169"]
[BlackElo "2076"]
[PlyCount "82"]
[EventDate "2019.??.??"]

1. d4 e6 2. Nf3 c5 3. c3 d5 4. Bf4 Nc6 5. e3 Nf6 6. h3 Bd6 7. Bxd6 Qxd6 8. Nbd2
O-O 9. Be2 e5 10. dxe5 Nxe5 11. O-O Bf5 12. Nxe5 Qxe5 13. Nf3 Qe7 14. Qa4 Ne4
15. c4 dxc4 16. Qxc4 Rfd8 17. Rad1 Qf6 18. Qb3 b6 19. Rxd8+ Rxd8 20. Rd1 h6 21.
Rxd8+ Qxd8 22. Bc4 Qc7 23. Qa4 Nd6 24. Bd5 c4 25. e4 b5 26. Qc2 Be6 27. Bxe6
fxe6 28. e5 Nf7 29. Qe4 b4 30. Qa8+ Kh7 31. Qe4+ g6 32. Nh4 Nh8 33. f4 c3 34.
bxc3 bxc3 35. Qc2 Qc5+ 36. Kh1 Qe3 37. Nf3 Nf7 38. Qb3 Qc1+ 39. Ng1 c2 40. f5
Qxg1+ 41. Kxg1 c1=Q+ 0-1

[Event "OLNO 1819 SC Weisse Dame - TSG OberschÃ"]
[Site "?"]
[Date "2019.04.07"]
[Round "9.8"]
[White "Gross, Thorsten"]
[Black "Bellmann, Rambald"]
[Result "1/2-1/2"]
[WhiteElo "2163"]
[BlackElo "2085"]
[PlyCount "80"]
[EventDate "2019.??.??"]

1. c4 b6 2. Nc3 Bb7 3. e4 e6 4. Nf3 Bb4 5. Qc2 Nf6 6. d3 a5 7. Be2 Nc6 8. O-O
Bc5 9. Nb5 e5 10. Bg5 Rc8 11. Nxe5 Nxe5 12. d4 Bxd4 13. Nxd4 Bxe4 14. Bxf6 Bxc2
15. Bxd8 Bd3 16. Bxd3 Nxd3 17. Bh4 Nxb2 18. Rfe1+ Kf8 19. Nb5 Nxc4 20. Be7+ Kg8
21. Nxc7 h5 22. Nd5 f6 23. Rac1 Kf7 24. Re4 Nd2 25. Ree1 Nc4 26. h3 Rhe8 27. g4
hxg4 28. hxg4 Rc6 29. g5 Ne5 30. Kf1 Rxc1 31. Rxc1 Rxe7 32. Nxe7 Kxe7 33. gxf6+
gxf6 34. Ke2 Kd6 35. Ke3 Ke6 36. Kd4 d5 37. f4 Nc4 38. Rb1 Kf5 39. Kxd5 Ne3+
40. Kc6 Kxf4 1/2-1/2

[Event "OLNO 1819 SK König Tegel II - SF Berlin"]
[Site "?"]
[Date "2019.04.07"]
[Round "9.1"]
[White "Modler, Andreas"]
[Black "Anibar, Ahmed"]
[Result "1/2-1/2"]
[WhiteElo "2269"]
[BlackElo "2273"]
[PlyCount "80"]
[EventDate "2019.??.??"]

1. c4 Nf6 2. Nc3 g6 3. e4 d6 4. d4 Bg7 5. Be2 O-O 6. Nf3 Na6 7. O-O e5 8. Be3
exd4 9. Nxd4 Re8 10. f3 c6 11. Qd2 d5 12. cxd5 cxd5 13. Bb5 Bd7 14. exd5 Rc8
15. Bxa6 bxa6 16. Rfe1 a5 17. Rad1 a4 18. Ndb5 Bxb5 19. Nxb5 a6 20. Na7 Rc4 21.
Qd3 Rh4 22. Bf2 Rh5 23. Qxa6 Rxd5 24. Qxa4 Bf8 25. Rxd5 Rxe1+ 26. Bxe1 Qxd5 27.
Bf2 Qd2 28. g3 Qc1+ 29. Kg2 Qxb2 30. Qb3 Qe2 31. Kg1 h5 32. h4 Nd7 33. Nc6 Nc5
34. Qe3 Qxa2 35. Ne7+ Bxe7 36. Qxe7 Qa1+ 37. Kg2 Ne6 38. Qd7 Qb2 39. Qd5 Qe2
40. Kg1 Qc2 1/2-1/2

[Event "OLNO 1819 SK König Tegel II - SF Berlin"]
[Site "?"]
[Date "2019.04.07"]
[Round "9.2"]
[White "Jahnz, Fabian"]
[Black "Nogly, Christoph"]
[Result "0-1"]
[WhiteElo "2254"]
[BlackElo "2225"]
[PlyCount "122"]
[EventDate "2019.??.??"]

1. e4 e5 2. Nf3 Nc6 3. Bc4 Nf6 4. d3 Bc5 5. c3 a6 6. O-O Ba7 7. Nbd2 d6 8. Bb3
O-O 9. h3 Be6 10. Re1 Bxb3 11. axb3 Re8 12. Nf1 h6 13. Nh4 d5 14. Qf3 Bc5 15.
Nf5 Bf8 16. g4 dxe4 17. dxe4 Nh7 18. h4 Ne7 19. Rd1 Qc8 20. Be3 Qe6 21. b4 Rad8
22. Rxd8 Rxd8 23. Rd1 Rxd1 24. Qxd1 Nxf5 25. exf5 Qe7 26. h5 Qh4 27. Kg2 e4 28.
Bf4 Nf6 29. Ne3 Bd6 30. Bxd6 cxd6 31. f3 Qg5 32. Kf2 Qf4 33. Qh1 d5 34. Ke2 Qe5
35. fxe4 dxe4 36. Qg1 Qd6 37. Qd1 Qh2+ 38. Ke1 Qxb2 39. Qd2 Qa1+ 40. Kf2 Qh1
41. Qe2 Qh2+ 42. Ke1 Qg1+ 43. Kd2 b5 44. Kc2 Qa1 45. Nd1 Qa2+ 46. Nb2 Qd5 47.
Nd1 Kf8 48. Kb2 Ke7 49. Nf2 Qc4 50. Qe3 Kf8 51. Qb6 Kg8 52. Qd8+ Kh7 53. Qd2
Nd5 54. Nd1 Nb6 55. Ne3 Na4+ 56. Kc1 Qc7 57. Nd5 Qg3 58. Ne3 Qg1+ 59. Kc2 Qa1
60. Nd5 Qa2+ 61. Kd1 Qxd5 0-1

[Event "OLNO 1819 SK König Tegel II - SF Berlin"]
[Site "?"]
[Date "2019.04.07"]
[Round "9.3"]
[White "Wintzer, Joachim"]
[Black "Kather, Yannick"]
[Result "1-0"]
[WhiteElo "2267"]
[BlackElo "2109"]
[PlyCount "81"]
[EventDate "2019.??.??"]

1. c4 e5 2. Nc3 Bb4 3. Qc2 Nf6 4. a3 Be7 5. Nf3 d6 6. e3 O-O 7. Be2 Re8 8. O-O
Bf8 9. d3 c6 10. e4 h6 11. d4 exd4 12. Nxd4 d5 13. exd5 cxd5 14. cxd5 Nxd5 15.
Nxd5 Qxd5 16. Be3 Qe5 17. Rfd1 Bd7 18. Bf3 Nc6 19. Nxc6 Bxc6 20. Bxc6 bxc6 21.
Rd7 Qe6 22. Rd4 Rab8 23. g3 Rb5 24. Ra4 Rh5 25. Bxa7 Qh3 26. f4 Qg4 27. Re4 Rd8
28. Qe2 Qh3 29. Be3 Rhd5 30. Re1 Kh7 31. Rc4 c5 32. a4 g6 33. Rc2 Re8 34. Qf2
Bg7 35. Rxc5 Rd3 36. Rc2 Rexe3 37. Rxe3 Rd1+ 38. Re1 Bd4 39. Rxd1 Bxf2+ 40.
Rxf2 Qe6 41. Ra1 1-0